000 00318nam a22001337a 4500
008 181009b xxu||||| |||| 00| 0 eng d
020 _a9780815627432
041 _aeng
080 _a321
100 _a19
101 _aSHP
245 _aTransnational Social Movements and Global Politics
_cSmith, J
942 _2udc
_cBK
999 _c49175
_d49175